[Event "IECG CN.2001.0.00239"]
[Site "IECG email"]
[Date "2001.03.15"]
[Round "?"]
[White "Dion, Michel"]
[Black "Millan, Felix"]
[Result "1-0"]
[WhiteElo "974"]
[BlackElo "800"]
[PlyCount "31"]
[EventDate "2001.03.15"]
[EventType "tourn (corr)"]
[EventRounds "6"]
[SourceTitle "Corr 2008"]
[Source "ChessBase"]
[SourceDate "2008.06.24"]
[SourceVersion "1"]
[SourceVersionDate "2008.06.24"]
[SourceQuality "1"]

1. d4 d5 2. c4 Nf6 3. Nf3 e6 4. Bg5 Be7 5. Nc3 c6 6. Rc1 0-0 7. e3 Re8 8. cxd5 exd5 9. Bd3 Bd6 10. Qc2 c5 11. Bxf6 Qxf6 12. dxc5 Bxc5 13. Nxd5 Qd6 14. Qxc5 Qd7 15. Ne5 Rxe5 16. Qxc8+ 1-0

[Event "IECG CN.2001.0.00239"]
[Site "IECG email"]
[Date "2001.03.15"]
[Round "?"]
[White "Millan, Felix"]
[Black "Pinna, Andrea"]
[Result "0-1"]
[WhiteElo "800"]
[BlackElo "800"]
[PlyCount "34"]
[EventDate "2001.03.15"]
[EventType "tourn (corr)"]
[EventRounds "6"]
[SourceTitle "Corr 2008"]
[Source "ChessBase"]
[SourceDate "2008.06.24"]
[SourceVersion "1"]
[SourceVersionDate "2008.06.24"]
[SourceQuality "1"]

1. e4 e6 2. d4 d5 3. Nc3 Bb4 4. Bd3 c5 5. a3 Bxc3+ 6. bxc3 c4 7. Nf3 cxd3 8. Qxd3 dxe4 9. Qxe4 Nf6 10. Qe5 Nc6 11. Qe3 Qa5 12. 0-0 Qa4 13. Qd3 b6 14. Re1 Ba6 15. Qf5 0-0 16. Re2 exf5 17. Rd2 Ne4 0-1